Marcatori dell'Inghilterra agli Europei - Germania 2024 - Statistics

Statistiche generali
  • Questo quiz è stato fatto 15 volte
    9 dall'ultimo reset
  • Il punteggio medio è 7 su 8
Statistiche sulle risposte
Partita Minuto Marcatore % Corretto
Danimarca - Inghilterra 1-1 18' Harry Kane
100%
Inghilterra - Slovacchia 2-1 (d.t.s.) 91' Harry Kane
100%
Paesi Bassi - Inghilterra 1-2 18' Harry Kane
100%
Serbia - Inghilterra 0-1 13' Jude Bellingham
100%
Inghilterra - Slovacchia 2-1 (d.t.s.) 95' Jude Bellingham
100%
Inghilterra - Svizzera 1-1 (d.t.s.) (5-3 d.t.r.) 80' Bukayo Saka
63%
Spagna - Inghilterra 2-1 73' Cole Palmer
50%
Paesi Bassi - Inghilterra 1-2 90' Ollie Watkins
38%
Nessun quiz corrispondente trovato
Distribuzione punteggi
Percentuale di utenti per punteggio
Percentile per numero di risposta
I tuoi punteggi nel tempo
Non hai fatto questo quiz dall'ultimo reset